Los Retos políticos de la reforma económica en Costa Rica /
Guardat en:
| Autor principal: | |
|---|---|
| Autor corporatiu: | , |
| Altres autors: | |
| Format: | Text |
| Publicat: |
San José:
Academia de Centroamérica
|
| Matèries: | |
| Etiquetes: |
Afegir etiqueta
Sense etiquetes, Sigues el primer a etiquetar aquest registre!
|
MARC
| LEADER | 00000 a a2200000 04500 | ||
|---|---|---|---|
| 001 | 26318 | ||
| 003 | |||
| 040 | |||
| 020 | |a 99-77-034-9 | ||
| 090 | |a 148101 | ||
| 100 | |a Jiménez, Ronulfo | ||
| 110 | |a Academia de Centroamérica | ||
| 245 | |a Los Retos políticos de la reforma económica en Costa Rica / |c Academia de Centroamérica | ||
| 260 | |a San José: |b Academia de Centroamérica | ||
| 300 | |a 330 p |b **no definido** |b fonodiscos | ||
| 650 | |a MACROECONOMIA | ||
| 650 | |a POLITICA ECONOMICA | ||
| 650 | |a INDICADORES ECONOMICOS | ||
| 650 | |a CRECIMIENTO ECONOMICO | ||
| 650 | |a PRODUCTO INTERNO BRUTO | ||
| 650 | |a TASA DE INTERES | ||
| 650 | |a GASTOS | ||
| 650 | |a DEFICIT | ||
| 650 | |a TIPO DE CAMBIO | ||
| 650 | |a INDICADORES ECONOMICOS | ||
| 700 | |a ed. | ||
| 710 | |a Centro de Investigaciones y Adiestramiento Político Administrativo |a CIAPA |a Coalición Costarricense de Iniciativas de Desarrollo |a CINDE | ||
| 999 | |c 777 |d 777 | ||
